E-mail / (Record no. 296131)
[ view plain ]
| 000 -LEADER | |
|---|---|
| fixed length control field | 00510nam a2200205Ia 4500 |
| 008 - FIXED-LENGTH DATA ELEMENTS--GENERAL INFORMATION | |
| fixed length control field | 160621s9999 xx 000 0 und d |
| 020 ## - INTERNATIONAL STANDARD BOOK NUMBER | |
| International Standard Book Number | 1-84557-341-2 |
| 050 ## - LIBRARY OF CONGRESS CALL NUMBER | |
| Classification number | ComSc HE 7551 |
| 050 ## - LIBRARY OF CONGRESS CALL NUMBER | |
| Item number | .M56 2005 |
| 100 ## - MAIN ENTRY--PERSONAL NAME | |
| Personal name | Minhas, Davinder Singh. |
| 245 ## - TITLE STATEMENT | |
| Title | E-mail / |
| 245 ## - TITLE STATEMENT | |
| Statement of responsibility, etc | Davinder Singh Minhas. |
| 260 ## - PUBLICATION, DISTRIBUTION, ETC. (IMPRINT) | |
| Place of publication, distribution, etc | New Delhi : |
| 260 ## - PUBLICATION, DISTRIBUTION, ETC. (IMPRINT) | |
| Name of publisher, distributor, etc | New Dawn Press Group, |
| 260 ## - PUBLICATION, DISTRIBUTION, ETC. (IMPRINT) | |
| Date of publication, distribution, etc | 2007 |
| 300 ## - PHYSICAL DESCRIPTION | |
| Extent | 40 pages : |
| 300 ## - PHYSICAL DESCRIPTION | |
| Other physical details | illustrations ; |
| 300 ## - PHYSICAL DESCRIPTION | |
| Dimensions | 28 cm. |
| 650 ## - SUBJECT ADDED ENTRY--TOPICAL TERM | |
| Topical term or geographic name as entry element | Electronic mail systems. |
| Withdrawn status | Lost status | Damaged status | Home library | Current library | Shelving location | Date acquired | Total Checkouts | Full call number | Barcode | Date last seen | Price effective from | Koha item type |
|---|---|---|---|---|---|---|---|---|---|---|---|---|
| South Mansfield College | South Mansfield College | 01/08/2008 | ComSc HE 7551 .M56 2005 | SMC03898 | 06/21/2016 | 06/21/2016 |